000 00671 a2200229 4500
999 _c1424
_d1424
020 _a0797421491
050 _aHC800.Z9 HOL 2000
100 _aHollaway, John
_eauthor
245 _aAll Poor Together /
_cJohn Hollaway
264 _bJohannesburg :
_cCapricon Books,
_a2000
300 _a355 pages :
500 _aIncludes bibliographical references
650 _aMines and mineral resources
650 _aPolitics and government
650 _aSocial conditions
650 _aEconomic history
650 _aPoverty
650 _aThird world
_xEconomic development problems
650 _aSub-Saharan Africa
651 _aAfrica
942 _2lcc
_cBK
_h800.Z9
_iHOL
_kHC